000 01008nam a2200265Ia 4500
003 OSt
005 20221005113546.0
006 a|||||r|||| 00| 0
007 ta
008 221004b |||||||| |||| 00| 0 pan d
020 _cINR 250.00
024 _a39106
037 _b234, 17/03/2018, National Book Shop
_cTextual
040 _aCRL
_cCRL
_bpan
041 _2pan
_apan
082 _aO153,3N322,RR, Q8
100 _aਪਮਾਲ, ਬਲਬੀਰ ਸਿੰਘ ਸੇਖੋ੍ਵ, ਂਚ.
_9624543
245 0 _aਰੱਜੀ ਰੂਹ ਵਾਲੇ ਸਰਦਾਰ ਜੀ
260 _aਲੁਧਿਆਨਾ
_bਲਾਹੌਰ ਬੁੱਕ Fਾਪ ਭਾਰਤ
_c2018
300 _a183ਪ0
_ccm.
650 _a ਪੰਜਾਬੀ ਕਹਾਣੀ
650 _aਪੰਜਾਬੀ ਸਾਹਿਤ
942 _hO153,3N322,RR, Q8
_cTEXL
_2cc
999 _c1028579
_d1028579